[Event "Nikosia FIDE GP (Women)"]
[Site "Nicosia"]
[Date "2025.03.19"]
[Round "5"]
[White "Paehtz, Elisabeth"]
[Black "Harika, Dronavalli"]
[Result "1-0"]
[WhiteElo "2424"]
[BlackElo "2483"]
[PlyCount "99"]
[EventDate "2025.03.15"]
[EventType "tourn"]
[EventRounds "9"]
[EventCountry "CYP"]
[EventCategory "10"]
[SourceTitle "CB13_2025"]
[SourceDate "2025.03.26"]
[SourceVersion "1"]
[SourceVersionDate "2025.03.26"]
[SourceQuality "1"]

1. e4 e5 2. Nc3 Nf6 3. d4 exd4 4. Qxd4 Nc6 5. Qd3 Bc5 6. Bf4 d5 7. exd5 Qe7+ 8. Qe2 Qxe2+ 9. Bxe2 Nb4 10. 0-0-0 c6 11. dxc6 bxc6 12. Nf3 Bxf2 13. Bc4 Be6 14. Bxe6 fxe6 15. Rhf1 Bb6 16. Rfe1 Kf7 17. Ne5+ Kg8 18. Bg5 Re8 19. Ne4 Nxe4 20. Rxe4 Nd5 21. Nxc6 h6 22. Bd2 Kh7 23. Rde1 Rhf8 24. c4 Nc7 25. b4 Bf2 26. R1e2 Rc8 27. Rf4 Bg1 28. g3 g5 29. Rxf8 Rxf8 30. Bc3 Rc8 31. Kb2 h5 32. Rd2 Kh6 33. Rg2 Be3 34. Re2 Bg1 35. Bd2 Re8 36. Rg2 Rf8 37. Rxg1 Rf2 38. Kc3 Rxh2 39. Nxa7 Kg6 40. b5 e5 41. Nc6 e4 42. b6 Na6 43. b7 Kf5 44. Rb1 Rg2 45. Rb5+ Kg4 46. Rxg5+ Kf3 47. Rf5+ Kxg3 48. Rxh5 Kf3 49. Rf5+ Ke2 50. Nd4+ 1-0

[Event "Nikosia FIDE GP (Women)"]
[Site "Nicosia"]
[Date "2025.03.17"]
[Round "3"]
[White "Badelka, Olga"]
[Black "Paehtz, Elisabeth"]
[Result "1/2-1/2"]
[WhiteElo "2429"]
[BlackElo "2424"]
[PlyCount "83"]
[EventDate "2025.03.15"]
[EventType "tourn"]
[EventRounds "9"]
[EventCountry "CYP"]
[EventCategory "10"]
[SourceTitle "CB13_2025"]
[SourceDate "2025.03.26"]
[SourceVersion "1"]
[SourceVersionDate "2025.03.26"]
[SourceQuality "1"]

1. c4 e5 2. Nc3 Nf6 3. g3 d5 4. cxd5 Nxd5 5. Bg2 Nxc3 6. bxc3 c5 7. Rb1 Nc6 8. d3 Qc7 9. Nf3 Be7 10. 0-0 0-0 11. Nd2 Be6 12. Qa4 Bd7 13. Qc2 Rad8 14. Nc4 b5 15. Ne3 Qa5 16. Nd5 Bd6 17. f4 Rde8 18. f5 f6 19. Bd2 Rb8 20. g4 Qd8 21. h4 Qe8 22. Qd1 c4 23. dxc4 e4 24. Bf4 Ne5 25. Ne3 Qe7 26. Qd5+ Kh8 27. Qxe4 bxc4 28. Nd5 Qf7 29. Rxb8 Rxb8 30. g5 Re8 31. Bxe5 Bxe5 32. g6 Qf8 33. Qxc4 Qd6 34. gxh7 Bc6 35. Nf4 Bxf4 36. Rxf4 Bxg2 37. Kxg2 Rxe2+ 38. Qxe2 Qxf4 39. Qf2 Qg4+ 40. Kf1 Qc4+ 41. Qe2 Qxc3 42. Qe8+ 1/2-1/2

[Event "Nikosia FIDE GP (Women)"]
[Site "Nicosia"]
[Date "2025.03.16"]
[Round "2"]
[White "Paehtz, Elisabeth"]
[Black "Zhu, Jiner"]
[Result "0-1"]
[WhiteElo "2424"]
[BlackElo "2514"]
[PlyCount "148"]
[EventDate "2025.03.15"]
[EventType "tourn"]
[EventRounds "9"]
[EventCountry "CYP"]
[EventCategory "10"]
[SourceTitle "CB13_2025"]
[SourceDate "2025.03.26"]
[SourceVersion "1"]
[SourceVersionDate "2025.03.26"]
[SourceQuality "1"]

1. d4 Nf6 2. c4 e6 3. Nf3 d5 4. Nc3 Bb4 5. Qb3 a5 6. cxd5 exd5 7. Bg5 c6 8. e3 h6 9. Bh4 Nbd7 10. Bd3 c5 11. Bxf6 Nxf6 12. dxc5 0-0 13. 0-0 Bxc5 14. Rfd1 Bg4 15. Be2 Be6 16. Qxb7 Rb8 17. Qa6 Qe7 18. Nd4 Bxd4 19. Rxd4 Rxb2 20. Bf3 Qa3 21. Qd3 Rc8 22. Nxd5 Qxd3 23. Nxf6+ gxf6 24. Rxd3 Rxa2 25. Rxa2 Bxa2 26. h4 a4 27. Bd1 Bb1 28. Rd2 a3 29. Bb3 Rc3 30. Ba2 Rd3 31. Re2 Rd1+ 32. Kh2 Bd3 33. Bxf7+ Kxf7 34. Ra2 Be4 35. Rxa3 Kg6 36. Ra4 Bd5 37. Rg4+ Kf5 38. Rf4+ Ke5 39. Rg4 Rd2 40. Kg3 Rc2 41. Rg7 Rc8 42. Re7+ Kd6 43. Rg7 Ke6 44. f3 Rc2 45. Kf4 Bc4 46. Rc7 Bd3 47. Rxc2 Bxc2 48. g4 Bd1 49. g5 fxg5+ 50. hxg5 h5 51. Kg3 Kf5 52. f4 Bb3 53. Kf3 Bd5+ 54. Kg3 Bc6 55. Kh3 Be8 56. Kg3 Ke4 57. Kf2 Bg6 58. Ke2 Bf5 59. Kf2 h4 60. Ke2 Bg4+ 61. Kf2 Bf5 62. Ke2 Bg4+ 63. Kf2 Be6 64. g6 Kf5 65. g7 Kg6 66. Kf3 Kxg7 67. e4 Bh3 68. f5 Kh7 69. Kf4 Kh6 70. f6 Bd7 71. e5 Be6 72. Kf3 Kg5 73. Kg2 Kg4 74. Kh2 h3 0-1

[Event "Monaco FIDE GP (Women)"]
[Site "Monaco"]
[Date "2025.02.19"]
[Round "2"]
[White "Koneru, Humpy"]
[Black "Paehtz, Elisabeth"]
[Result "1/2-1/2"]
[WhiteElo "2523"]
[BlackElo "2427"]
[PlyCount "81"]
[EventDate "2025.02.18"]
[EventType "tourn"]
[EventRounds "9"]
[EventCountry "MNC"]
[EventCategory "10"]
[SourceTitle "CB10_2025"]
[SourceDate "2025.03.05"]
[SourceVersion "1"]
[SourceVersionDate "2025.03.05"]
[SourceQuality "1"]

1. d4 d5 2. c4 dxc4 3. Nf3 Nf6 4. e3 Bg4 5. Bxc4 e6 6. h3 Bh5 7. 0-0 Be7 8. Nc3 0-0 9. Be2 c5 10. dxc5 Bxc5 11. a3 Nbd7 12. b4 Be7 13. Bb2 a5 14. bxa5 Rxa5 15. Nd2 Nb6 16. Bxh5 Rxh5 17. Qb3 Nbd7 18. Nde4 Qb6 19. Qxb6 Nxb6 20. Rfb1 Nc4 21. Bc1 Nxe4 22. Nxe4 b5 23. a4 b4 24. Nd2 Na5 25. Bb2 Rd5 26. Bd4 Ra8 27. Ra2 h6 28. Rc2 Rd7 29. Rbc1 b3 30. Rc8+ Rd8 31. Rxa8 Rxa8 32. Rb1 Rb8 33. Bc3 Bb4 34. Be5 Ra8 35. Nxb3 Nxb3 36. Rxb3 Rxa4 37. g4 f6 38. Bc3 Bxc3 39. Rxc3 h5 40. gxh5 Rh4 41. Rc6 1/2-1/2

[Event "Monaco FIDE GP (Women)"]
[Site "Monaco"]
[Date "2025.02.18"]
[Round "1"]
[White "Paehtz, Elisabeth"]
[Black "Tan, Zhongyi"]
[Result "1/2-1/2"]
[WhiteElo "2427"]
[BlackElo "2561"]
[PlyCount "50"]
[EventDate "2025.02.18"]
[EventType "tourn"]
[EventRounds "9"]
[EventCountry "MNC"]
[EventCategory "10"]
[SourceTitle "CB10_2025"]
[SourceDate "2025.03.05"]
[SourceVersion "1"]
[SourceVersionDate "2025.03.05"]
[SourceQuality "1"]

1. e4 e5 2. Nf3 Nf6 3. Nxe5 d6 4. Nf3 Nxe4 5. Nc3 Nxc3 6. dxc3 Be7 7. Be3 0-0 8. Qd2 Nd7 9. 0-0-0 c6 10. Kb1 d5 11. c4 Nb6 12. cxd5 Nxd5 13. Bc4 Be6 14. Bg5 f6 15. Qe2 Bf7 16. Bxd5 cxd5 17. Be3 Qd7 18. Nd4 Rfe8 19. h4 Bc5 20. h5 h6 21. Qf3 Re5 22. Bf4 Re7 23. Be3 Re5 24. Bf4 Re7 25. Be3 Re5 1/2-1/2

[Event "EU-ch rapid (Women)"]
[Site "Monaco"]
[Date "2025.01.12"]
[Round "6"]
[White "Vega Gutierrez, Sabrina Neide"]
[Black "Paehtz, Elisabeth"]
[Result "0-1"]
[WhiteElo "2393"]
[BlackElo "2428"]
[PlyCount "108"]
[EventDate "2025.01.11"]
[EventType "swiss (rapid)"]
[EventRounds "11"]
[EventCountry "MNC"]
[SourceTitle "CB03_2025"]
[SourceDate "2025.01.15"]
[SourceVersion "1"]
[SourceVersionDate "2025.01.15"]
[SourceQuality "1"]

1. e4 c5 2. b3 b6 3. d4 cxd4 4. Qxd4 Bb7 5. Bb2 Nf6 6. Nc3 Nc6 7. Qd2 e6 8. 0-0-0 Bb4 9. f3 Qe7 10. Nge2 0-0 11. g4 Rfd8 12. g5 Ne8 13. Kb1 d5 14. exd5 exd5 15. Nd4 Nxd4 16. Qxd4 Bc5 17. Qg4 Qe6 18. Qh4 Nd6 19. Bd3 Nf5 20. Qh3 g6 21. Rhe1 Ne3 22. Qh6 Bf8 23. Qh4 Bg7 24. Rd2 Nf5 25. Qf2 Qc8 26. Ne2 d4 27. Ng3 Ne3 28. h4 Qc7 29. Be4 Bxe4 30. Nxe4 Qf4 31. h5 Rac8 32. Rh1 Nf5 33. hxg6 fxg6 34. Qh2 Qxh2 35. Rdxh2 Kf7 36. Rxh7 Rh8 37. Rxh8 Rxh8 38. Rxh8 Bxh8 39. Kc1 Nh4 40. Nd6+ Ke6 41. Nc8 Nxf3 42. Nxa7 Nxg5 43. Nc8 b5 44. Na7 Nf3 45. Nxb5 g5 46. c3 g4 47. cxd4 g3 48. Nc3 Nxd4 49. Ne4 g2 50. Ng5+ Kf5 51. Nh3 Ne2+ 52. Kd2 Kg4 53. Ng1 Nxg1 54. Ke1 Nf3+ 0-1

[Event "EU-ch rapid (Women)"]
[Site "Monaco"]
[Date "2025.01.11"]
[Round "2"]
[White "Dornbusch, Tatiana"]
[Black "Paehtz, Elisabeth"]
[Result "0-1"]
[WhiteElo "2234"]
[BlackElo "2428"]
[PlyCount "82"]
[EventDate "2025.01.11"]
[EventType "swiss (rapid)"]
[EventRounds "11"]
[EventCountry "MNC"]
[SourceTitle "CB03_2025"]
[SourceDate "2025.01.15"]
[SourceVersion "1"]
[SourceVersionDate "2025.01.15"]
[SourceQuality "1"]

1. d4 Nf6 2. Nf3 g6 3. g3 Bg7 4. Bg2 0-0 5. 0-0 c6 6. c4 d6 7. Nc3 Bf5 8. Re1 Ne4 9. Nh4 Nxc3 10. bxc3 Be6 11. Qd3 Qb6 12. e4 Nd7 13. Be3 Qa6 14. Bf1 Nb6 15. d5 Bd7 16. Bd4 Qa3 17. Bxg7 Kxg7 18. Qd4+ f6 19. f4 c5 20. Qd3 Na4 21. Rab1 b5 22. cxb5 Qxc3 23. Qxc3 Nxc3 24. Rb3 Nxa2 25. e5 fxe5 26. fxe5 Nb4 27. exd6 exd6 28. Ra3 Nc2 29. Re7+ Kf6 30. Rxd7 Nxa3 31. Rxd6+ Ke5 32. Re6+ Kxd5 33. Ra6 Rxf1+ 34. Kxf1 Nxb5 35. Ke2 Re8+ 36. Kd2 c4 37. Nf3 Kc5 38. Ng5 c3+ 39. Kd3 Rd8+ 40. Kc2 Rd2+ 41. Kc1 Rxh2 0-1

[Event "EU-ch rapid (Women)"]
[Site "Monaco"]
[Date "2025.01.11"]
[Round "3"]
[White "Paehtz, Elisabeth"]
[Black "Garcia Martin, Marta"]
[Result "1-0"]
[WhiteElo "2428"]
[BlackElo "2323"]
[PlyCount "87"]
[EventDate "2025.01.11"]
[EventType "swiss (rapid)"]
[EventRounds "11"]
[EventCountry "MNC"]
[SourceTitle "CB03_2025"]
[SourceDate "2025.01.15"]
[SourceVersion "1"]
[SourceVersionDate "2025.01.15"]
[SourceQuality "1"]

1. d4 d5 2. Nf3 e6 3. Bf4 Nf6 4. e3 Bd6 5. c3 0-0 6. Nbd2 b6 7. Ne5 c5 8. Qf3 Ba6 9. Bxa6 Nxa6 10. Bg5 Nb8 11. h4 Be7 12. Rh3 Ne8 13. Qg4 Kh8 14. Ndf3 Nd6 15. h5 h6 16. Bf4 Qe8 17. 0-0-0 Ne4 18. Bg3 Nc6 19. Nxc6 Qxc6 20. Ne5 Qa4 21. Kb1 Rac8 22. Qe2 c4 23. f3 Nf6 24. Qc2 Qxc2+ 25. Kxc2 Kg8 26. Bf4 Rfd8 27. a4 Kf8 28. g4 Nd7 29. Rg1 Nxe5 30. dxe5 f6 31. exf6 Bxf6 32. g5 hxg5 33. Bxg5 Kf7 34. Rhg3 Rg8 35. e4 dxe4 36. fxe4 Rcf8 37. Bf4 e5 38. Be3 Rh8 39. Rh3 Rh7 40. Rd1 Ke6 41. a5 Rb8 42. axb6 axb6 43. Ra1 b5 44. Ra6+ 1-0

[Event "EU-ch blitz (Women)"]
[Site "Monaco"]
[Date "2025.01.10"]
[Round "9"]
[White "Khotenashvili, Bela"]
[Black "Paehtz, Elisabeth"]
[Result "1/2-1/2"]
[WhiteElo "2420"]
[BlackElo "2428"]
[PlyCount "145"]
[EventDate "2025.01.10"]
[EventType "swiss (blitz)"]
[EventRounds "13"]
[EventCountry "MNC"]
[SourceTitle "CB03_2025"]
[SourceDate "2025.01.15"]
[SourceVersion "1"]
[SourceVersionDate "2025.01.15"]
[SourceQuality "1"]

1. Nf3 Nf6 2. g3 g6 3. Bg2 Bg7 4. 0-0 0-0 5. c4 d6 6. Nc3 e5 7. d3 Nc6 8. Rb1 a5 9. b3 Bf5 10. e4 Bg4 11. h3 Bxf3 12. Bxf3 Nd7 13. h4 h5 14. Bg5 Bf6 15. Be3 Nd4 16. Bg2 c6 17. Bh3 Nc5 18. Kg2 Qe7 19. Ne2 Nde6 20. a3 a4 21. b4 Nb3 22. f4 exf4 23. Nxf4 Nxf4+ 24. Rxf4 Bg7 25. Rf3 Rae8 26. Bg5 Qc7 27. Be3 c5 28. Qg1 b6 29. b5 Bd4 30. Qf2 Bxe3 31. Qxe3 Nd4 32. Rf2 Kg7 33. Rbf1 Qe7 34. Qf4 Qe5 35. Kh2 Qxf4 36. gxf4 f5 37. Bg2 Nb3 38. Kg3 Na5 39. Re1 fxe4 40. Rxe4 Rxe4 41. Bxe4 Nb3 42. Kf3 Nd4+ 43. Kg3 Rf6 44. Rg2 Kf8 45. Rf2 Ke7 46. Rg2 Ne6 47. Rf2 Nd4 48. Rg2 Re6 49. Rf2 Kf6 50. Rg2 Re7 51. Rf2 Nf5+ 52. Kh3 Nh6 53. Kg3 Ng4 54. Rd2 Ne3 55. Rf2 Nf5+ 56. Kh3 Re6 57. Rg2 Ne7 58. Kg3 Kf7 59. Kh3 Rf6 60. Kg3 Ke6 61. Re2 Kf7 62. Rf2 Nf5+ 63. Kh3 Nd4 64. Kg3 Ke7 65. Kh3 Nf5 66. Re2 Nd4 67. Rf2 Kf7 68. Kg3 Kg7 69. Rg2 Re6 70. Rf2 Kf6 71. Rg2 Re7 72. Rf2 Nf5+ 73. Kh3 1/2-1/2

[Event "EU-ch blitz (Women)"]
[Site "Monaco"]
[Date "2025.01.10"]
[Round "10"]
[White "Rudzinska, Michalina"]
[Black "Paehtz, Elisabeth"]
[Result "0-1"]
[WhiteElo "2226"]
[BlackElo "2428"]
[PlyCount "60"]
[EventDate "2025.01.10"]
[EventType "swiss (blitz)"]
[EventRounds "13"]
[EventCountry "MNC"]
[SourceTitle "CB03_2025"]
[SourceDate "2025.01.15"]
[SourceVersion "1"]
[SourceVersionDate "2025.01.15"]
[SourceQuality "1"]

1. e4 c5 2. Nf3 Nc6 3. d4 cxd4 4. Nxd4 Qb6 5. Nb3 Nf6 6. Nc3 e6 7. Bd3 a6 8. 0-0 d6 9. a4 Be7 10. Kh1 Ne5 11. a5 Qc7 12. Be3 Bd7 13. Na4 Bc6 14. Nb6 Rd8 15. f3 0-0 16. c4 d5 17. cxd5 exd5 18. Bf4 dxe4 19. fxe4 Bd6 20. Bc2 Neg4 21. Bxd6 Rxd6 22. Qf3 Rd2 23. Qf4 Qxf4 24. Rxf4 Rxc2 25. Nd4 Rxb2 26. Nf5 Bxe4 27. h3 Bxg2+ 28. Kg1 Bxh3 29. Rc1 Rg2+ 30. Kh1 Nf2+ 0-1

[Event "EU-ch blitz (Women)"]
[Site "Monaco"]
[Date "2025.01.10"]
[Round "3"]
[White "Sliwicka, Alicja"]
[Black "Paehtz, Elisabeth"]
[Result "0-1"]
[WhiteElo "2344"]
[BlackElo "2428"]
[PlyCount "106"]
[EventDate "2025.01.10"]
[EventType "swiss (blitz)"]
[EventRounds "13"]
[EventCountry "MNC"]
[SourceTitle "CB03_2025"]
[SourceDate "2025.01.15"]
[SourceVersion "1"]
[SourceVersionDate "2025.01.15"]
[SourceQuality "1"]

1. e4 c5 2. Nf3 Nc6 3. d4 cxd4 4. Nxd4 Qb6 5. Nb3 Nf6 6. Nc3 e6 7. Bd3 d6 8. 0-0 a6 9. Be3 Qc7 10. f4 Be7 11. Qf3 Bd7 12. Rae1 Nb4 13. Kh1 Bc6 14. Nd4 Nd7 15. Nxc6 bxc6 16. Bd4 Nxd3 17. cxd3 0-0 18. Qg3 e5 19. Be3 Rab8 20. Rf2 Qa5 21. d4 Rb4 22. d5 c5 23. Ref1 Bf6 24. f5 Rfb8 25. Bc1 Rd4 26. Qf3 Qd8 27. Ne2 Rdb4 28. Qg4 Nb6 29. Ng3 Nxd5 30. a3 Rd4 31. Nh5 Rb3 32. Qe2 Nc7 33. Rf3 Rxf3 34. gxf3 Ne8 35. Be3 Ra4 36. Rg1 Kf8 37. Qg2 Rc4 38. Nxf6 gxf6 39. Qe2 Ra4 40. Bh6+ Ke7 41. Rg8 Qb6 42. Qd2 Qb3 43. Kg2 Rd4 44. Qa5 Qxb2+ 45. Kh3 Qf2 46. Qb6 Qxf3+ 47. Rg3 Qh5+ 48. Kg2 Qe2+ 49. Kh3 Qh5+ 50. Kg2 Qxh6 51. Qa7+ Kf8 52. Qa8 Rd2+ 53. Kf1 Qf4+ 0-1

[Event "Wch Blitz (Women)"]
[Site "New York"]
[Date "2024.12.30"]
[Round "6"]
[White "Gunina, Valentina"]
[Black "Paehtz, Elisabeth"]
[Result "1-0"]
[WhiteElo "2425"]
[BlackElo "2430"]
[PlyCount "171"]
[EventDate "2024.12.30"]
[EventType "swiss (blitz)"]
[EventRounds "11"]
[EventCountry "USA"]
[SourceTitle "CB01_2025"]
[SourceDate "2025.01.01"]
[SourceVersion "1"]
[SourceVersionDate "2025.01.01"]
[SourceQuality "1"]

1. d4 Nf6 2. c4 g6 3. Nc3 Bg7 4. e4 d6 5. Nf3 0-0 6. Be2 Bg4 7. Be3 Nc6 8. d5 Bxf3 9. Bxf3 Ne5 10. Be2 c6 11. f4 Ned7 12. 0-0 cxd5 13. cxd5 a6 14. Bf3 Rc8 15. Rc1 Qa5 16. a3 Rc4 17. Be2 Rcc8 18. h3 Qd8 19. Bf3 Qa5 20. Qb3 Nc5 21. Qd1 Ncd7 22. Kh2 Rc4 23. Rf2 Rfc8 24. Rfc2 b5 25. Be2 b4 26. Bxc4 bxc3 27. Bd3 Ne8 28. bxc3 Nc5 29. Bd4 Nf6 30. Qe2 Nfd7 31. Bxg7 Kxg7 32. e5 Nxd3 33. Qxd3 dxe5 34. fxe5 Nxe5 35. Qd4 f6 36. c4 Qc7 37. Kh1 Qc5 38. Qxc5 Rxc5 39. Rc3 Nf7 40. Kg1 Nd6 41. Kf1 f5 42. Ke2 Kf6 43. Re3 Ne4 44. Kd3 Ke5 45. Rb1 Ra5 46. Ke2 Rc5 47. Rb4 a5 48. Rb7 Rxc4 49. Rd3 Rc2+ 50. Kd1 Rxg2 51. Rxe7+ Kd6 52. Re6+ Kd7 53. Re3 Rd2+ 54. Kc1 Rxd5 55. Ra6 Rc5+ 56. Kb2 Rb5+ 57. Kc2 Rc5+ 58. Kb3 Re5 59. Ra7+ Kc6 60. Kb2 f4 61. Rb3 Nc5 62. Rf3 g5 63. Rxh7 Kd5 64. Rh8 Ke4 65. Rf1 Nd3+ 66. Kc3 f3 67. Rd8 Nf4 68. Kd2 Ne2 69. Rd3 Rb5 70. Rfxf3 Rb2+ 71. Ke1 Nf4 72. Rde3+ Kd4 73. Rb3 Ra2 74. Kd1 Ra1+ 75. Kc2 Rh1 76. Rb5 Kc4 77. Rxg5 Rh2+ 78. Kd1 Nd3 79. Rgg3 Nb2+ 80. Ke1 Na4 81. Rf4+ Kb5 82. Rg5+ Nc5 83. Rff5 Rh1+ 84. Kd2 Rh2+ 85. Ke1 Ka4 86. Rxc5 1-0

[Event "Wch Blitz (Women)"]
[Site "New York"]
[Date "2024.12.30"]
[Round "1"]
[White "Paehtz, Elisabeth"]
[Black "Krasteva, Beloslava"]
[Result "1-0"]
[WhiteElo "2430"]
[BlackElo "2281"]
[PlyCount "55"]
[EventDate "2024.12.30"]
[EventType "swiss (blitz)"]
[EventRounds "11"]
[EventCountry "USA"]
[SourceTitle "CB01_2025"]
[SourceDate "2025.01.01"]
[SourceVersion "1"]
[SourceVersionDate "2025.01.01"]
[SourceQuality "1"]

1. d4 Nf6 2. Nf3 e6 3. Bg5 d5 4. e3 Bd6 5. Nbd2 Nbd7 6. c3 c5 7. e4 cxd4 8. Nxd4 dxe4 9. Nxe4 Be7 10. Ng3 0-0 11. Be2 Qc7 12. 0-0 a6 13. Nh5 Re8 14. Bf4 e5 15. Bg3 Nxh5 16. Bxh5 Nf6 17. Bf3 Bd6 18. Nb3 Rd8 19. Qc2 Be6 20. Rfe1 Rac8 21. Bh4 Re8 22. Bxf6 gxf6 23. Be4 h6 24. Re3 Kf8 25. Rf3 Ke7 26. Bf5 Rg8 27. Bxe6 fxe6 28. Qh7+ 1-0

[Event "Wch Blitz (Women)"]
[Site "New York"]
[Date "2024.12.30"]
[Round "7"]
[White "Paehtz, Elisabeth"]
[Black "Shuvalova, Polina"]
[Result "0-1"]
[WhiteElo "2430"]
[BlackElo "2504"]
[PlyCount "148"]
[EventDate "2024.12.30"]
[EventType "swiss (blitz)"]
[EventRounds "11"]
[EventCountry "USA"]
[SourceTitle "CB01_2025"]
[SourceDate "2025.01.01"]
[SourceVersion "1"]
[SourceVersionDate "2025.01.01"]
[SourceQuality "1"]

1. d4 Nf6 2. Nf3 d5 3. c3 a5 4. Bf4 e6 5. e3 Bd6 6. Bg3 0-0 7. Nbd2 b6 8. Bd3 Ba6 9. Bc2 c5 10. e4 Be7 11. e5 Nfd7 12. h4 h6 13. Bf4 Nc6 14. a3 cxd4 15. cxd4 Kh8 16. Nf1 f6 17. exf6 Bxf6 18. Ne3 e5 19. dxe5 Ndxe5 20. Nxe5 Bxe5 21. Bxe5 Nxe5 22. Qxd5 Qf6 23. 0-0-0 Rac8 24. Kb1 Bc4 25. Qe4 Bg8 26. Rd2 Qe6 27. Nd5 Rxc2 28. Rxc2 Bh7 29. Qd4 Rd8 30. Rd1 Qc6 31. Qc3 Rxd5 32. Rxd5 Bxc2+ 33. Qxc2 Qxd5 34. Qc8+ Qg8 35. Qc7 Qe6 36. f4 Qf5+ 37. Ka1 Qxf4 38. Qc8+ Kh7 39. Qc2+ Kg8 40. Qc8+ Qf8 41. Qe6+ Nf7 42. Qxb6 a4 43. Qe6 Qd8 44. Qc4 Qd1+ 45. Ka2 Qd7 46. b3 axb3+ 47. Kxb3 Kh8 48. a4 Ne5 49. Qc5 Qd1+ 50. Ka3 Qa1+ 51. Kb3 Qb1+ 52. Ka3 Qa1+ 53. Kb3 Kg8 54. Qc8+ Kf7 55. Qc7+ Ke6 56. Qc8+ Kd5 57. Qg8+ Ke4 58. Qxg7 Qb1+ 59. Kc3 Qc1+ 60. Kb3 Qc4+ 61. Ka3 Qc3+ 62. Ka2 Qc2+ 63. Ka1 Qxa4+ 64. Kb1 Qb3+ 65. Ka1 Qc3+ 66. Ka2 Qc4+ 67. Ka1 Qd4+ 68. Ka2 Qd2+ 69. Ka1 Qf4 70. Qb7+ Ke3 71. Qb6+ Ke2 72. Qb5+ Kf2 73. Qb6+ Kxg2 74. Qb7+ Kh3 0-1

[Event "Wch Blitz (Women)"]
[Site "New York"]
[Date "2024.12.30"]
[Round "2"]
[White "Sahithi Varshini, M."]
[Black "Paehtz, Elisabeth"]
[Result "1/2-1/2"]
[WhiteElo "2309"]
[BlackElo "2430"]
[PlyCount "73"]
[EventDate "2024.12.30"]
[EventType "swiss (blitz)"]
[EventRounds "11"]
[EventCountry "USA"]
[SourceTitle "CB01_2025"]
[SourceDate "2025.01.01"]
[SourceVersion "1"]
[SourceVersionDate "2025.01.01"]
[SourceQuality "1"]

1. e4 c5 2. Nf3 g6 3. d4 cxd4 4. Nxd4 Bg7 5. c4 Nc6 6. Be3 Qb6 7. Nb3 Qd8 8. Qd2 Nf6 9. Nc3 Ng4 10. Bg5 h6 11. Bh4 d6 12. Be2 Be6 13. 0-0 Nge5 14. Nd5 g5 15. Bg3 Ng6 16. Rac1 a5 17. Rc2 a4 18. Nc1 Nd4 19. Rc3 Bxd5 20. exd5 Nxe2+ 21. Nxe2 Bxc3 22. Qxc3 0-0 23. f4 Qa5 24. Qe3 Qc5 25. Nd4 Rae8 26. fxg5 hxg5 27. Bf2 e5 28. dxe6 fxe6 29. Qe4 Nf4 30. g3 d5 31. Qb1 Nh3+ 32. Kg2 Rxf2+ 33. Rxf2 Nxf2 34. Qg6+ Kf8 35. Qf6+ Kg8 36. Qg6+ Kf8 37. Qf6+ 1/2-1/2

[Event "Wch Rapid (Women)"]
[Site "New York"]
[Date "2024.12.28"]
[Round "10"]
[White "Khamdamova, Afruza"]
[Black "Paehtz, Elisabeth"]
[Result "1-0"]
[WhiteElo "2188"]
[BlackElo "2406"]
[PlyCount "71"]
[EventDate "2024.12.26"]
[EventType "swiss (rapid)"]
[EventRounds "11"]
[EventCountry "USA"]
[SourceTitle "CB01_2025"]
[SourceDate "2025.01.01"]
[SourceVersion "1"]
[SourceVersionDate "2025.01.01"]
[SourceQuality "1"]

1. e4 c5 2. Nf3 g6 3. d4 cxd4 4. Nxd4 Bg7 5. Nc3 Nc6 6. Be3 Nf6 7. Bc4 0-0 8. Bb3 Qa5 9. 0-0 d6 10. h3 Bd7 11. Re1 Rac8 12. Nd5 Nxd5 13. exd5 Ne5 14. Qe2 Qc7 15. c3 Rfe8 16. Rad1 Nc4 17. Bc1 Nb6 18. Qf3 a5 19. a3 Bf6 20. Qg3 Nc4 21. Ba2 Qc5 22. Nf3 Qb6 23. Bxc4 Rxc4 24. Bg5 Kg7 25. Rd2 h6 26. Bxf6+ exf6 27. Rxe8 Bxe8 28. Nd4 Bd7 29. Re2 Rc7 30. Qe3 Qc5 31. Qf3 Bb5 32. Re6 f5 33. Qg3 Qxd5 34. Rxd6 Qc5 35. Rxg6+ fxg6 36. Ne6+ 1-0

[Event "Wch Rapid (Women)"]
[Site "New York"]
[Date "2024.12.27"]
[Round "5"]
[White "Uuriintuya, Uurtsaikh"]
[Black "Paehtz, Elisabeth"]
[Result "0-1"]
[WhiteElo "2188"]
[BlackElo "2406"]
[PlyCount "60"]
[EventDate "2024.12.26"]
[EventType "swiss (rapid)"]
[EventRounds "11"]
[EventCountry "USA"]
[SourceTitle "CB01_2025"]
[SourceDate "2025.01.01"]
[SourceVersion "1"]
[SourceVersionDate "2025.01.01"]
[SourceQuality "1"]

1. e4 c5 2. Nf3 g6 3. d4 cxd4 4. Qxd4 Nf6 5. e5 Nc6 6. Qe3 Ng4 7. Qe4 d5 8. exd6 Qxd6 9. Be2 Bf5 10. Qc4 Bg7 11. 0-0 Nd4 12. Nbd2 b5 13. Qxd4 Bxd4 14. Bxb5+ Kf8 15. Nb3 Bb6 16. h3 h5 17. c3 Be4 18. Nbd2 Bxf3 19. Nxf3 Nxf2 20. Rxf2 Bxf2+ 21. Kxf2 Qb6+ 22. Be3 Qxb5 23. b3 Qd3 24. Re1 Rc8 25. c4 f6 26. Kg1 a6 27. c5 Kf7 28. Bf2 Rhd8 29. Rc1 Qd5 30. Kh2 g5 0-1

[Event "Wch Rapid (Women)"]
[Site "New York"]
[Date "2024.12.26"]
[Round "3"]
[White "Injac, Teodora"]
[Black "Paehtz, Elisabeth"]
[Result "1/2-1/2"]
[WhiteElo "2295"]
[BlackElo "2406"]
[PlyCount "84"]
[EventDate "2024.12.26"]
[EventType "swiss (rapid)"]
[EventRounds "11"]
[EventCountry "USA"]
[SourceTitle "CB01_2025"]
[SourceDate "2025.01.01"]
[SourceVersion "1"]
[SourceVersionDate "2025.01.01"]
[SourceQuality "1"]

1. d4 Nf6 2. c4 g6 3. Nc3 Bg7 4. g3 0-0 5. Bg2 d6 6. Nf3 c6 7. 0-0 Bf5 8. Re1 Ne4 9. Qb3 Nxc3 10. bxc3 Bc8 11. e4 Nd7 12. Ba3 Nb6 13. c5 dxc5 14. Bxc5 Re8 15. Ng5 e6 16. h4 Nd7 17. Bd6 h6 18. Nf3 e5 19. Rad1 exd4 20. cxd4 Qb6 21. Qc2 Nf6 22. Ne5 Qd8 23. Bc5 Be6 24. Nc4 Qc7 25. Bb4 Red8 26. a4 Rac8 27. a5 Ne8 28. e5 Qd7 29. Bc5 Ra8 30. Ne3 Nc7 31. Nc4 Nd5 32. Nd6 b6 33. Ba3 b5 34. Rc1 b4 35. Bb2 Ne7 36. Qa4 Rab8 37. Ne4 Bd5 38. Rc5 Qe6 39. Rec1 Bb3 40. Qa1 Bd5 41. Qa4 Bb3 42. Qa1 Bd5 1/2-1/2

[Event "BL 2425 (Women)"]
[Site "Germany"]
[Date "2024.11.17"]
[Round "2.1"]
[White "Antolak, Julia"]
[Black "Paehtz, Elisabeth"]
[Result "1-0"]
[WhiteElo "2312"]
[BlackElo "2456"]
[PlyCount "53"]
[EventDate "2024.11.16"]
[EventType "team-tourn"]
[EventRounds "11"]
[EventCountry "GER"]
[SourceTitle "CB48_2024"]
[SourceDate "2024.11.28"]
[SourceVersion "1"]
[SourceVersionDate "2024.11.28"]
[SourceQuality "1"]
[WhiteTeam "Harksheide (W)"]
[BlackTeam "Baden-Baden (W)"]
[WhiteTeamCountry "GER"]
[BlackTeamCountry "GER"]

1. e4 c5 2. Nf3 Nc6 3. d4 cxd4 4. Nxd4 e5 5. Nb5 d6 6. a4 Be6 7. N5c3 Nf6 8. Bg5 Be7 9. Bxf6 Bxf6 10. Nd5 0-0 11. Bc4 Rc8 12. 0-0 Nb4 13. Na3 Nxd5 14. Bxd5 Qb6 15. b3 Rfd8 16. Nc4 Qd4 17. Bxe6 fxe6 18. Qg4 Kf7 19. Rad1 Qc5 20. Rd3 Rc6 21. Rfd1 d5 22. Qh5+ Kg8 23. exd5 e4 24. dxc6 Qxh5 25. Rxd8+ Bxd8 26. Rxd8+ Kf7 27. c7 1-0